INFORME FINAL DEL EJERCICIO PROFESIONAL SUPERVISADO DISEÑO Y PLANIFICACIÓN DEL RASTRO MUNICIPAL Y DISEÑO Y PLANIFICACIÓN DEL MERCADO COMUNAL DE DOS NIVELES DE LA ALDEA NUEVO VINAROZ, SAN MIGUEL TUCURÚ, ALTA VERAPAZ./ (Registro nro. 2066)

Detalles MARC
000 -LEADER
campo de control de longitud fija 03115nam a22003377a 4500
001 - NÚMERO DE CONTROL
campo de control TIC 023
003 - IDENTIFICADOR DE NÚMERO DE CONTROL
campo de control gtcocun
005 - FECHA Y HORA DE LA ÚLTIMA TRANSACCIÓN
campo de control 20250922195403.0
006 - CÓDIGOS DE INFORMACIÓN DE LONGITUD FIJA--CARACTERÍSTICAS DEL MATERIAL ADICIONAL
campo de control de longitud fija a||||gr|||| 00| 0
007 - CAMPO FIJO DE DESCRIPCIÓN FÍSICA--INFORMACIÓN GENERAL
campo de control de longitud fija ta
008 - DATOS DE LONGITUD FIJA--INFORMACIÓN GENERAL
campo de control de longitud fija 250922b2023 gt ||||| m||| 00| 0 eng d
040 ## - FUENTE DE CATALOGACIÓN
Centro catalogador/agencia de origen gtcocun
Lengua de catalogación SPA
Centro/agencia transcriptor gtcocun
Normas de descripción RDA
041 ## - CÓDIGO DE IDIOMA
Código de lengua del texto/banda sonora o título independiente SPA TIC 023
084 ## - OTRO NÚMERO DE CLASIFICACIÓN
Número de control del registro de autoridad o número normalizado TIC 023
100 ## - ENTRADA PRINCIPAL--NOMBRE DE PERSONA
Nombre de persona Morales Chen, Stephanie Fernanda
Término indicativo de función/relación Autor
245 ## - MENCIÓN DEL TÍTULO
Título INFORME FINAL DEL EJERCICIO PROFESIONAL SUPERVISADO DISEÑO Y PLANIFICACIÓN DEL RASTRO MUNICIPAL Y DISEÑO Y PLANIFICACIÓN DEL MERCADO COMUNAL DE DOS NIVELES DE LA ALDEA NUEVO VINAROZ, SAN MIGUEL TUCURÚ, ALTA VERAPAZ./
Mención de responsabilidad, etc. Stephanie Fernanda Morales Chen.
Medio Impreso
264 ## - PRODUCCIÓN, PUBLICACIÓN, DISTRIBUCIÓN, FABRICACIÓN Y COPYRIGHT
Producción, publicación, distribución, fabricación y copyright Cobán, Alta Verapaz:
Nombre del de productor, editor, distribuidor, fabricante Universidad de San Carlos de Guatemala, Centro Universitario del Norte, Ingeniería Civil
Fecha de producción, publicación, distribución, fabricación o copyright 2023
300 ## - DESCRIPCIÓN FÍSICA
Extensión 193 p.:
Otras características físicas Ilustraciones, gráficas.
Dimensiones 28 cm;
300 ## - DESCRIPCIÓN FÍSICA
Dimensiones PDF
336 ## - TIPO DE CONTENIDO
Fuente rdacontenido
Término de tipo de contenido Texto
Código de tipo de contenido txt
337 ## - TIPO DE MEDIO
Fuente rdamedio
Nombre/término del tipo de medio Computadora
Código del tipo de medio n
338 ## - TIPO DE SOPORTE
Fuente rdasoporte
Nombre/término del tipo de soporte Código en línea
Código del tipo de soporte cr
502 ## - NOTA DE TESIS
identificador de la tesis TIC 023
502 ## - NOTA DE TESIS
Nota de tesis Tesis de grado
Tipo de título Ingeniería Civil,
Nombre de la institución que otorga el título Universidad de San Carlos de Guatemala, Centro Universitario del Norte, Ingeniería Civil
Año de obtención del título 2023
Identificador de la tesis TIC 023
520 14 - RESUMEN, ETC.
Sumario, etc. El Ejercicio Profesional Supervisado EPS de Carreras de Ingeniería Civil del Centro<br/>Universitario del Norte tiene como finalidad integrar los conocimientos del estudiante al<br/>interpretar objetivamente la realidad nacional, mediante la confrontación cotidiana de la teoría con la práctica. El presente informe detalla la ejecución de las actividades<br/>realizadas, en la Municipalidad de San Miguel Tucurú, Alta Verapaz, con un enfoque en el campo de la ingeniería civil, el cual tuvo un lapso de 8 meses dividiéndose en la realización de las siguientes actividades: diagnóstico, plan de trabajo y ejecución de<br/>actividades.<br/><br/>Al inicio se realizó un diagnóstico de la situación de la municipalidad y las deficiencias del municipio de Tucurú, en proyectos de infraestructura, saneamiento, alcantarillado, entre otros. En esta etapa se obtuvo la identificación y jerarquización de las problemáticas desde la más relevante a la menos, donde se determinó la deficiencia en el lugar de matanza del ganado bovino del municipio de Tucurú, las malas condiciones en el lugar de<br/>comercialización y la falta de espacio para reuniones de la comunidad de la Aldea Nuevo Vinaroz de Tucurú.<br/><br/>La elaboración de la propuesta del proyecto integra, los conocimientos adquiridos y el análisis de las necesidades de las situaciones al desarrollar las actividades necesarias para la ejecución de los proyectos de una manera óptima, para solucionar la problemática establecida.
650 14 - PUNTO DE ACCESO ADICIONAL DE MATERIA--TÉRMINO DE MATERIA
Fuente del encabezamiento o término LEMB
Término de materia o nombre geográfico como elemento de entrada Tucurú, ALta Verapaz.
Subdivisión general Ingeniería
-- Alcantarillado
-- Ejecución de actividades
-- Plan de trabajo
-- Saneamiento
-- Infrastructura
700 ## - ENTRADA AGREGADA--NOMBRE PERSONAL
Nombre de persona Inga. Civil Sindry Yaneth Pacay Morales
Término indicativo de función/relación Asesor
856 ## - LOCALIZACIÓN Y ACCESO ELECTRÓNICOS
Identificador Uniforme de Recurso <a href="https://drive.google.com/file/d/1VYIk3HKt6pjCzThgBcjLuTppOZWDisJn/view">https://drive.google.com/file/d/1VYIk3HKt6pjCzThgBcjLuTppOZWDisJn/view</a>
Texto de enlace PDF
Nota pública Un ejemplar en línea.
942 ## - ELEMENTOS DE ENTRADA SECUNDARIOS (KOHA)
Fuente de la clasificación o esquema de estantería Clasificación Decimal Dewey
Tipo de ítem Koha TESIS
Parte de la signatura que identifica el ejemplar (Parte del ítem) TIC 023
Prefijo de la signatura Clasificación
Suprimir en OPAC No
-- TIC_023_000000000000000
Existencias
Estatus retirado Estado de pérdida Fuente de la clasificación o esquema de estantería Estado de daño No para préstamo Colección Biblioteca de origen Biblioteca actual Ubicación en estantería Fecha de adquisición Número de inventario Total de préstamos Signatura topográfica completa Código de barras Visto por última vez Precio de reemplazo Tipo de ítem Koha
    Clasificación Decimal Dewey     tesis BIBLIOTECA- CUNOR -JOSÉ LUIS GONZALES ROSALES BIBLIOTECA- CUNOR -JOSÉ LUIS GONZALES ROSALES Colección tesis 16/09/2025 TIC 0023   TIC 0023 TIC 0023 16/09/2025 16/09/2025 TESIS